[Event "Euwe intern 2008-2009"]
[Site "?"]
[Date "2009.03.05"]
[Round "2.8"]
[White "Ritzema, Rob"]
[Black "Witt, Rob"]
[Result "0-1"]
[WhiteElo "1959"]
[BlackElo "2242"]
[Annotator "Witt"]
[PlyCount "70"]
[EventDate "2009.??.??"]

{40z/1.25} 1. e4 e6 {Ik was het weer vergeten, maar in 2002 schreef Arne Moll
in zijn analyse bij een partij tegen mij, dat dit de eerste verrassing voor
hem was.} 2. d4 d5 3. Nc3 Nf6 {En deze zet kwam destijds voor Arne opnieuw als
een verrassing, omdat ik altijd Winawer speelde. Inderdaad ging mijn hand ook
nu naar de loper op f8, maar ik bedacht dat ik al een keer de Winawer tegen
Rob Ritzema gespeeld had en besloot wat anders te spelen.} 4. Bg5 {1.20} dxe4 {
1.21} 5. Nxe4 Be7 6. Bxf6 gxf6 7. Nf3 {1.17} a6 {Dit kleine zetje werd eind
jaren 90 populait dankzij de inspanningen van Morozevich.} ({Tegen Arne
speelde ik in 2002} 7... Nd7 {Deze boeiende partij is door Arne destijds zeer
uitgebreid geanalyseerd op Euwe Online met enkele toevoegingen van mijzelf.
Het is leuk om die analyses weer te zien en te checken met de nieuwere versie
van Fritz. In opkomende tijdnood ging ik op zet 22 helaas in de fout in
onduidelijke stelling.}) 8. Qd2 ({Als ik me niet vergis vormt een opstelling
met g3 de zwaarste aanslag op zwarte opzet. Bijv.} 8. g3 b5 9. Bg2 Bb7 10. Qe2
Bd5 11. Ned2 Nd7 12. O-O c5 13. dxc5 Nxc5 14. Rfd1 Qc7 15. c4 bxc4 16. Nxc4 Rd8
17. Rac1 Qb7 18. Nh4 O-O 19. Nf5 $6 (19. Rxd5 $1 $16) 19... exf5 20. Rxd5 Rxd5
21. Bxd5 Qxd5 22. Qxe7 $14 {Leko - Morozevich, Moscow 2007 (36.1-0)}) 8... b5 {
1.17} 9. O-O-O {1.12} ({Een van de fraaie partijen van Morozevich ging als
volgt verder:} 9. Qh6 Bb7 10. Bd3 Nd7 11. Ng3 f5 12. Nh5 Bf8 13. Qe3 Nf6 14.
Qe5 Nxh5 15. Qxh8 Bxf3 16. gxf3 Nf6 17. Rg1 Qxd4 18. Rg8 Ke7 19. Kf1 Bg7 20.
Qxg7 Rxg8 21. Qh6 Qxb2 22. Re1 Qc3 23. Qh4 c5 24. Rd1 c4 25. Bxf5 Qxf3 26. Qd4
Nd5 {0-1 Sutovsky - Morozevich, Pamplona 1998}) 9... Bb7 10. Bd3 {1.05} h5 {
1.06 Deze zet blijkt nieuw te zijn. Ik wilde Dh6 eruit halen en ook niet te
snel f5 spelen om geen velden weg te geven in het centrum.} ({Gezonder is
waarschijnlijk het nog bekende} 10... Nd7 {en ongevaarlijk is nu} 11. Qh6 ({
Beter is} 11. Kb1) 11... f5 12. Neg5 (12. Ned2 Nf6 $15) 12... Bxg5+ (12... Rg8
$5) 13. Nxg5 Qf6 $15) ({Fritz en Rybka suggeren} 10... f5 $13 {maar hier zijn
geen partijen mee in mijn database.}) 11. h4 {49' Met een klein plusje volgens
Rybka en Fritz, evenals de alternatieven: 49'} (11. Qe3) (11. Rhe1) 11... Nd7 {
1.03} ({Een ander en misschien beter idee is} 11... Bd5 {(Rybka) om het paard
vervolgens naar c6 te ontwikkelen.}) 12. Rhe1 {29'} Bd5 {55'} 13. Kb1 {20' Wit
heeft zich gezond opgesteld en staat iets beter. Alleen heeft hij, zoals
gebruikelijk, veel tijd gebruikt, een ernstig manco in zijn spel.} c6 {51'} (
13... c5 14. dxc5 Nxc5 15. Qf4 $14 {beviel me niet, omdat mijn koning dan
nergens veilig staat.}) 14. Qf4 Qb8 15. Qe3 {18'} Qb6 {47'} (15... Qc7) 16. Nc3
{16'} O-O-O {37'} 17. Nxd5 {15'} cxd5 18. Nd2 {13' Ik dacht met de bedoeling
f2-f4-f5 omdat Le7 ongedekt staat. Daarom speelde ik nu} Bd6 {35'} 19. c4 $5 {
9' Een verbluffende zet, die me totaal verraste en die het karakter van de
stelling totaal wijzigt. Misschien moet ik een ! geven, maar ik denk dat wit
na andere zetten een klein plusje heeft, terwijl de partijvoortzetting
onduidelijk is, als ik het stukoffer had aangenomen.} bxc4 {28' Ik had
besloten dat aanname van het volgende stukoffer te gevaarlijk was en sloeg met
de b-pion om veld e4 onder controle te houden.} 20. Bxc4 {6' Rob R had hier
niet 3' over nagedacht, maar hij was de zaal uitgelopen terwijl ik nadacht met
welke pion ik zou slaan. Naar de wc? Zenuwen? Ik weet het niet. Bij terugkomst
sloeg hij natuurlijk a tempo op c4.} Kb7 {26'} ({Als ik het stukoffer niet
durf aan te nemen was} 20... Kb8 {handiger geweest, dacht ik na wit's volgende
zet.}) ({Had ik het stukoffer moeten aannemen? Rybka en Fritz vinden van wel,
omdat ik anders minder sta.} 20... dxc4 21. Nxc4 {en nu sta ik voor de
moeilijke beslissing of mijn dame naar c7 of c6 moet.} Qc7 ({Op} 21... Qc6 {
vreesde ik} 22. d5 {Zwart lijkt het echter te kunnen houden met} exd5 23. Nxd6+
Qxd6 24. Qa7 Nb6 25. Rc1+ Nc4 26. b3 Rhe8 {en wit lijkt niet meer te hebben
dan remise met} 27. Qa8+ Kc7 (27... Kd7 $2 28. Qb7+ Qc7 29. Qxd5+) 28. Qa7+)
22. Rc1 Kb8 23. Ne5 Bxe5 (23... fxe5 24. Rxc7 Bxc7 25. dxe5 Nxe5 26. Qb3+ Kc8
27. Rc1 Rd7 28. Qb6 {is beter voor wit.}) 24. Rxc7 Bxc7 $13 {Met onduidelijke
stelling. Materieel heeft zwart niet te klagen, maar de stukken werken nog
niet goed samen en de koning staat niet veilig.}) 21. Qf3 {4' Die had ik niet
gezien, vandaar dat ik hier dacht dat ik op de vorige zet Kb8 had moeten
spelen.} ({Desondanks was} 21. Be2 $14 {waarschijnlijk beter omdat zwart dan
is gebonden aan de dekking van zijn h-pion.}) 21... Qc6 $2 {22'} ({Op het meer
voor de hand liggende} 21... Ka7 {vreesde ik} 22. Bxd5 exd5 23. Qxd5 {en op f7
krijgt wit een derde pion voor zijn stuk. Maar bij nader inzien lijkt dit toch
beter voor zwart na} Bb4 24. Qxf7 Qb5 $1 {De witte pionnen hebben nog geen
kracht.}) 22. Bf1 {3'} (22. Rc1 $1 Ka7 (22... dxc4 $2 23. Nxc4 $1 {wint.}) 23.
Nb3 Qb6 24. Be2 $14) 22... Rc8 $2 {21'} (22... Ka7 23. Re3 $14) 23. Rc1 {2'}
Qa4 {20'} 24. Nb3 (24. Nc4 $1 Bc7 25. Re3 Ka7 26. Ra3 $16) 24... Qb4 {19'} 25.
Re3 $2 {1'} (25. Qd3 {is nog steeds goed voor wit, maar de tijd tikt hard weg.}
) 25... Rxc1+ 26. Nxc1 $2 (26. Kxc1 $13) 26... Qxd4 {18' Eindelijk sta ik
beter.} 27. Rb3+ Ka7 28. Qe2 Nc5 29. Rc3 Qe4+ {16'} 30. Qxe4 $2 (30. Rc2) 30...
Nxe4 31. Rc6 Kb7 {14'} 32. Rxa6 Be5 $2 {13' geeft bijna al het voordeel weg.} (
32... Bc5 $1 {was wel zo eenvoudig geweest.}) 33. Kc2 $4 {Paniek.} (33. Nb3 {
was nog heel onduidelijk geweest. Bijv.} Nxf2 34. Na5+ Kb8 35. Nc6+ ({Of beter
misschien} 35. Rb6+ Kc8 36. Ba6+ Kc7 37. Rb7+ Kd6 38. Bb5 $15) 35... Kc7 36.
Nxe5 fxe5 37. Ra7+ Kd6 38. Rxf7 Ng4 {en de zwarte centrumpionnen moeten de
doorslag geven, al kan het nog spannend worden.}) 33... Rc8+ 34. Kd1 Nxf2+ 35.
Ke1 Rxc1+ {Time. Een typerende partij voor Rob Ritzema. Hij bouwt de partij
prima op, maar gebruikt daarvoor veel te veel tijd. Op zet 19 komt hij met het
verrassende c4! waarmee het karakter van de stelling volledig veranderd wordt.
Maar hij heeft nog maar 9' voor de resterende 21 zetten en in tijdnood stort
hij volledig in.} 0-1

[Event "Euwe-RSR Ivoren Toren"]
[Site "?"]
[Date "2009.03.07"]
[Round "6"]
[White "Witt, Rob"]
[Black "Van der Plas, Rob"]
[Result "1-0"]
[WhiteElo "2242"]
[BlackElo "2137"]
[Annotator "Witt"]
[PlyCount "71"]
[EventDate "2009.??.??"]

{In de 6e ronde van de knsb boekte ik eindelijk mijn eerste winstpartij na 2
nederlagen en 3 remises.} 1. d4 e6 2. Nf3 d5 {1.57} 3. c4 c6 4. Qc2 {1.56} Nf6
{1.54} 5. Bg5 h6 6. Bh4 {1.52} Be7 {1.52} 7. e3 O-O 8. Nc3 {1.47} b6 {1.42} (
8... Nbd7 {wordt vaker gespeeld.}) 9. Bd3 {1.42} Na6 {1.37 Ongebruikelijk.} (
9... Nbd7) 10. a3 dxc4 {1.34} 11. Bxc4 b5 {1.32 Een origineel plan. Zwart wil
vervolgen met b4 en ik moet beslissen of ik die wil slaan of dat laat slaan op
a3. Ik koos voor het laatste omdat anders zwart een mooi paard krijgt op b4,
waarna de pionnen op a7 en c6 niet echt zwak zijn.} 12. Bd3 {1.32} b4 {1.28}
13. Ne4 bxa3 {1.24} 14. bxa3 ({Het alternatief was} 14. Nxf6+ gxf6 (14... Bxf6
15. Bxf6 Qxf6 16. bxa3 c5 17. Qa4 $16) 15. bxa3 Qa5+ 16. Ke2 c5 {En ook hier
staat wit iets beter.}) 14... Qa5+ {1.22} 15. Ke2 c5 {1.16} 16. Rhc1 {1.15 Een
lastig moment. Er waren allerlei alternatieven die ook prettig voor wit lijken.
Na ruim een kwartier nadenken zonder duidelijke conclusie heb ik er maar een
op gevoel gekozen.} (16. Rhb1 {Om Lb7 eruit te halen en evt. Tb5 te dreigen.})
(16. Ne5 {is misschien toch de beste.}) (16. Nxf6+ {is het meest
overzichtelijk.}) 16... Bb7 {1.01} ({Op} 16... cxd4 {had ik een rare variant
uitgerekend, waarbij ik het een en ander gemist had. Ik moet dat soort dingen
ook niet doen.} 17. Bxf6 Bxf6 ({Beter is} 17... gxf6 18. Nxd4 $14) 18. Nxf6+
gxf6 19. Nxd4 Qh5+ 20. g4 $1 Qxg4+ {Ik dacht dat dit min of meer gedwongen was
omdat ik ook Dc6 dreig met dubbele aanval op Ta8 en Pa6. Dat laatste klopt
echter niet.} ({Bijv.} 20... Qg5 21. Qc6 ({Beter is} 21. h3 $16) 21... Rb8 22.
Bxa6 (22. Qe4 $5) 22... Rb6 {Dat had ik gemist. Gelukkig kan ik mijn dame
geven voor genoeg materiaal.} 23. Qxc8 Qxg4+ 24. Nf3 Rxc8 25. Rxc8+ Kh7 26.
Bd3+ f5 27. Rac1 $13 {een mooie variant waarvan ik dus niks gezien heb.}) 21.
Nf3 Bb7 {Ook die had ik gemist, maar gelukkig is het niet erg.} (21... Kh8 22.
Rg1) 22. Rg1 Bxf3+ 23. Kf1 Qxg1+ 24. Kxg1 Rac8 25. Qb2 Nc5 26. Qxf6 $16) 17.
Rab1 {1.10 Ik had na zwart's volgende zet een beetje spijt dat ik toch niet
eerst op f6 geslagen had.} (17. Nxf6+ gxf6 18. Rab1 {met een prettige plus
voor wit.}) 17... Bxe4 {58' De beste zet.} 18. Bxe4 Rab8 {55'} 19. Bb7 {
1.07 Dit was mijn bedoeling, maar het had niks op moeten leveren.} Nc7 $2 {
54' Mijn tegenstander speelde dit vrij snel, waarschijnlijk in de hoop dat ik
zijn truc niet zou zien. Zwart had echter beter.} (19... cxd4 20. Bxf6 Bxa3 $1
{Gemist.} ({Ik had alleen gekeken naar} 20... Bxf6 21. Nxd4 (21. Qc4 $2 d3+ $1
{had ik nog wel gezien.}) 21... Bxd4 22. exd4 {en dit had ik als goed voor mij
beoordeeld, omdat het zwarte paard geen goede velden heeft. Het valt echter
toch een beetje tegen na} Rbd8 ({Fritz noemt nog het verrassende} 22... Nb4 23.
Qc5 {Deze enige zet om op winst te spelen, moet je dan wel vinden.} (23. Rxb4
Rxb7 $1 $11) 23... Qxc5 24. dxc5 Rxb7 25. axb4 $14) 23. Qc3 Qh5+ 24. Kf1 Nb8
25. Kg1 Nd7 26. Bf3 $14) 21. Bxd4 Bxc1 22. Qxc1 Nb4 23. Qc5 Qxc5 24. Bxc5 Rxb7
25. Rxb4 Rxb4 26. Bxb4 Rb8 {En dit eindspel is in ieder geval niet beter voor
wit.}) 20. Qc4 {1.02 Zwart dreigde Txb7 en Da6+. Nog sterker is volgens Fritz
eerst} (20. Bxf6 gxf6 21. Qc4 {gevolgd door dxc5.}) 20... g5 {42'} (20... Ncd5
21. dxc5 {Met gezonde pluspion.}) 21. Bg3 {A tempo gespeeld en goed genoeg.
Toch had ik wel even goed mogen kijken naar} (21. Ne5 $5 {Ik had die zet wel
gezien, maar ik vond het te ingewikkeld en vond mijn zet okay. Een beetje lui
dus. Hoewel, praktisch, klinkt beter.}) 21... Nd7 {Met de dreiging Pb6.} 22.
Qd3 {57'} ({Hier leek me} 22. dxc5 Nxc5 23. Ne5 {ook heel goed, maar ik dacht
dat het misschien moeilijk te winnen is na bijv.} Rxb7 24. Nc6 Rxb1 25. Nxa5
Rxc1 26. Qxc1 $16) 22... Rfd8 $2 {32' Zwart had de andere toren moeten spelen,
zodat Pc7 niet meer gepend staat.} (22... Rbd8 {maar ook dan staat wit goed na
bijv.} 23. Bc6 $16) 23. Nd2 {47' Ik was hier heel tevreden. Maar Frits heeft
natuurlijk wer een sterkere:} (23. Qd2 $1 {Niet naar gekeken, de zwarte dame
is overbelast.}) 23... e5 {28'} (23... Rxb7 24. Rxb7 Nd5 25. e4 {is ook geen
pretje.}) 24. Nc4 Qa4 25. Nxe5 Nxe5 {25'} 26. Bxe5 Qd7 {24'} 27. Kf1 $6 {
41' Beetje onzin. De koning staat hier helemaal niet beter dan op e2.} ({Gewoon
} 27. Qc4 {was wel zo simpel. Zwart heeft geen zinnige zetten meer.}) 27... Bd6
28. Bf6 Be7 {21'} 29. Bxe7 {36'} ({Ik keek hier ook naar} 29. Bc6 $1 Qxc6 30.
Bxe7 Rxb1 {maar miste hier} 31. Qxb1 $1 (31. Rxb1 c4 {leek me niet zo
duidelijk.}) 31... Re8 32. Bxc5 {Dit was het simpelste geweest.}) 29... Qxe7
30. Qf5 $2 {35' O jee, ik heb een winst uitgerekend die weer eens niet klopt.
Fritz geeft als beste mogelijkheid de overgang naar een eindspel met} (30. Qe4
Qxe4 31. Bxe4 Rxb1 32. Bxb1 Ne6 33. dxc5 Nxc5 34. Rxc5 Rd1+ 35. Ke2 Rxb1 36.
Rc7 a5 37. Rc5 g4 38. g3 {en dit toreneindspel moet gewonnen zijn.}) 30... cxd4
$2 {6' Gelukkig, ondanks eem kwartier nadenken ziet zwart de verdediging niet,
die ik inmiddels ontdekt had.} (30... Ne8 $1 {Het beste is nu} 31. Bd5 ({
Want op} 31. Be4 {dekt} Nf6 {niet alleen het mat, maar valt ook de loper aan,
zodat ik geen tijd heb om pion c5 te winnen. Ik heb nog wel winstkansen na
bijv.} 32. Rxb8 Rxb8 33. Bf3 cxd4 34. Rc6 Rb6 35. Rxb6 axb6 36. exd4 $14)) 31.
Be4 Kg7 $2 ({Relatief het beste was} 31... Kf8 32. Rxb8 Rxb8 33. Qh7 Qe5 {
en nu het nauwkeurigst} 34. f4 $1 {met stukwinst.} ({Ik had gepland} 34. Qxh6+
Ke7 35. exd4 {wat ook moet winnen.}) 34... Qf6 (34... gxf4 35. exd4 $18) 35.
Rxc7 dxe3 36. Qf5 $18 {enz.}) 32. Rxb8 Rxb8 33. Qh7+ {32'} Kf6 34. Qxh6+ {28'}
Ke5 35. exd4+ Kxd4 36. Qg7+ {Hiermee bracht ik de achterstand terug tot 31/
2-11/2, waarna we uiteindelijk met 61/2-31/2 verloren.} 1-0